Normal view
MARC view
- Ehsan Mughal ,Nabeeha
Entry Personal Name
001 - CONTROL NUMBER
- control field: 122281
003 - CONTROL NUMBER IDENTIFIER
- control field: NUST
005 - DATE AND TIME OF LATEST TRANSACTION
- control field: 20240404143750.0
008 - FIXED-LENGTH DATA ELEMENTS
- fixed length control field: 240404|| aca||aabn | a|a d
040 ## - CATALOGING SOURCE
- Original cataloging agency: NUST
- Transcribing agency: NUST
100 ## - HEADING--PERSONAL NAME
- Personal name: Ehsan Mughal ,Nabeeha
670 ## - SOURCE DATA FOUND
- Source citation: Work cat.: (NUST): Ehsan Mughal ,Nabeeha , EEG-fNIRS based hybrid Image reconstruction and classification for BCI /
